| 000 | 00608nam a22001937a 4500 | ||
|---|---|---|---|
| 005 | 20251108165852.0 | ||
| 008 | 250721s1977 xx 000 0 ara d | ||
| 082 | 1 | 4 | _aم/630.3/جور |
| 100 | 1 | _aحنا، جورج باسيلي | |
| 245 | 1 | 0 |
_aمعجم المصطلحات الزراعية : _bإنجليزي - عربي / |
| 264 | 1 |
_aطرابلس(ليبيا) : _bجامعة الفاتح، _c1977. |
|
| 300 | _a166ص | ||
| 650 | 1 | 7 | _aالزراعة |
| 650 | 1 | 7 | _aالقواميس |
| 650 | 1 | 7 | _aالمصطلحات |
| 700 | 1 | _aعثمان، محمد الشاذلي | |
| 942 |
_2ddc _cREF |
||
| 999 |
_c33447 _d33447 |
||